Les Pokémon de la 9G - FR - Statistiques

Statistiques générales
  • Ce quiz a été pris 3 242 fois
    2 532 depuis la dernière actualisation
  • Le résultat moyen est 81 sur 120
Statistiques - réponses
Pokémon % Correct
906 Poussacha
96%
909 Chochodile
95%
908 Miascarade
94%
1007 Koraidon
93%
1008 Miraidon
93%
911 Flâmigator
92%
914 Palmaval
90%
912 Coiffeton
89%
1006 Garde-de-Fer
83%
985 Hurle-Queue
82%
921 Pohm
82%
991 Hotte-de-Fer
81%
923 Pohmarmotte
81%
990 Roue-de-Fer
80%
984 Fort-Ivoire
79%
913 Canarbello
78%
910 Crocogril
78%
987 Flotte-Mèche
78%
1000 Gromago
78%
907 Matourgeon
78%
994 Mite-de-Fer
78%
922 Pohmotte
78%
1005 Rugit-Lune
78%
1010 Vert-de-Fer
78%
1004 Yuyu
78%
1021 Ire-Foudre
77%
1024 Terapagos
77%
999 Mordudor
76%
992 Paume-de-Fer
76%
977 Oyacata
75%
1009 Serpente-Eau
75%
962 Lestombaile
74%
1017 Ogerpon
74%
917 Tissenboule
74%
1002 Baojian
73%
995 Épine-de-Fer
73%
998 Glaivodo
73%
978 Nigirigon
73%
1025 Pêchaminus
73%
966 Vrombotor
73%
1023 Chef-de-Fer
72%
937 Malvalame
71%
968 Ferdeter
70%
916 Fragroin
70%
920 Gambex
70%
915 Gourmelet
70%
928 Olivini
70%
983 Scalpereur
70%
980 Terraiste
70%
927 Briochien
69%
1003 Dinglu
69%
1020 Feu-Perçant
69%
1022 Roc-de-Fer
69%
961 Triopikeau
69%
965 Vrombi
69%
940 Zapétrel
69%
956 Cléopsytra
68%
988 Rampe-Ailes
68%
960 Taupikeau
68%
993 Têtes-de-Fer
68%
936 Carmadura
67%
926 Pâtachiot
67%
939 Ampibidou
66%
930 Arboliva
66%
950 Craparoi
66%
963 Dofin
66%
964 Superdofin
66%
948 Terracool
66%
918 Filentrappe
65%
986 Fongus-Furie
65%
989 Pelage-Sablé
65%
949 Terracruel
65%
935 Charbambin
64%
959 Forgelina
64%
1019 Pomdorochi
64%
972 Tomberro
64%
967 Motorizard
63%
945 Tag-Tag
63%
975 Balbalèze
62%
1014 Félicanis
62%
941 Fulgulairo
62%
919 Lilliterelle
62%
1011 Pomdramour
62%
938 Têtampoule
62%
982 Deusolourdo
61%
996 Frigodo
61%
971 Toutombe
61%
1001 Chongjian
60%
934 Gigansel
60%
979 Courrousinge
59%
943 Dogrino
59%
1018 Pondralugon
59%
925 Famignol
58%
970 Floréclat
58%
942 Grondogue
58%
1016 Favianos
57%
953 Léboulérou
57%
981 Farigiraf
56%
951 Pimito
56%
952 Scovilain
56%
932 Selutin
56%
924 Compagnol
55%
976 Délestin
55%
973 Flamenroule
55%
997 Cryodo
54%
955 Flotillon
54%
1015 Fortusimia
54%
957 Forgerette
53%
933 Amassel
52%
954 Bérasca
52%
974 Piétacé
52%
958 Forgella
51%
969 Germéclat
51%
929 Olivado
51%
1013 Théffroyable
51%
947 Virevorreur
49%
946 Virovent
49%
944 Gribouraigne
48%
931 Tapatoès
47%
1012 Poltchageist
46%
Aucun quiz correspondant
Distribution des résultats
% des personnes avec chaque résultat
Percentile par nombre de réponses
Votre historique - résultats
Vous n’avez pas pris ce quiz depuis la dernière actualisation